All 1M Cities Starting with “Y” to Country - Statistics

General Stats
  • This quiz has been taken 175 times
  • The average score is 12 of 13
Answer Stats
City Country % Correct
Yancheng China
100%
Yangzhou China
99%
Yantai China
98%
Yichang China
96%
Yinchuan China
96%
Yingkou China
96%
Yekaterinburg Russia
96%
Yerevan Armenia
94%
Yiwu China
94%
Yibin China
93%
Yangon Myanmar
93%
Yaoundé Cameroon
89%
Yogyakarta Indonesia
82%
No matching quizzes found
Score Distribution
Percent of People with Each Score
Percentile by Number Answered
Your Score History
You have not taken this quiz